01251cam a22002531 4500001001300000003000400013005001700017008004100034010001700075035001900092040004100111042001200152050002500164082001100189100003800200245032000238260004900558300004800607490010000655501015700755650002700912650004100939999001700980e 42000135 DLC20260227111230.0800229s1941 dcuaf f000 0 eng c ae 42000135  a(OCoLC)6034397 aU.S. Off. of educ. LibrarycOCldDLC apremarc00aLC1045b.A25 no. 219 a370.731 aSwanson, Herbert Barthold,d1892-14aThe state and the preservice preparation of teachers of vocational education (federally aided programs)cPrepared by Herbert B. Swanson, senior specialist in agricultural education (teacher training) Federal security agency, Paul V. McNutt, administrator. U.S. Office of education, John W. Studebaker, commissioner. a[Washington,bU.S. Govt. print. off.,c1941] ax, 138 p. incl. tables, diagr.bpl.c23 cm.0 aUnited States. Office of education. Vocational division bulletinvno. 219. General series no. 6 aWith : Selling home furnishings / Roscoe R. Rau and Walter F. Shaw. Washington : Govt. Print. Off., 1941. Bound together subsequent to publication.5DLC 0aTeachersxTraining of. 0aVocational educationzUnited States. c21860d21860